[Event "ESP-chT CECLUB Div1"]
[Site "Linares"]
[Date "2021.09.14"]
[Round "7.1"]
[White "Ponsa Alcubierre, Marina"]
[Black "Damaso Tacoronte, Carolina"]
[Result "1/2-1/2"]
[WhiteElo "1616"]
[BlackElo "1791"]
[PlyCount "76"]
[EventDate "2021.09.08"]
[EventType "team-tourn"]
[EventRounds "7"]
[EventCountry "ESP"]
[SourceTitle "CBM 204 Extra"]
[Source "ChessBase"]
[SourceDate "2021.11.30"]
[SourceVersion "1"]
[SourceVersionDate "2021.11.30"]
[SourceQuality "1"]
[WhiteTeam "Barbera"]
[BlackTeam "Santa Lucia Grandama"]
[WhiteTeamCountry "ESP"]
[BlackTeamCountry "ESP"]

1. e4 e6 2. d4 d5 3. Nc3 Nf6 4. e5 Nfd7 5. Nf3 c5 6. dxc5 Nc6 7. Bf4 Bxc5 8. Bd3 h6 9. Qe2 a6 10. g4 g5 11. Bg3 b5 12. h4 gxh4 13. Bxh4 Be7 14. Bxe7 Qxe7 15. g5 h5 16. g6 fxg6 17. Bxg6+ Kd8 18. Bxh5 b4 19. Na4 Bb7 20. 0-0-0 Kc7 21. Kb1 a5 22. Bg4 Ba6 23. Qe3 Bb5 24. Ng5 Bxa4 25. Nxe6+ Kb7 26. Rxh8 Rxh8 27. b3 Ncxe5 28. Rxd5 Rh1+ 29. Kb2 Qf6 30. Rxd7+ Nxd7+ 31. c3 bxc3+ 32. Qxc3 Qxf2+ 33. Ka3 Rf1 34. Qc7+ Ka6 35. Qc8+ Kb6 36. Qc7+ Ka6 37. Qc8+ Ka7 38. Qc7+ Ka6 1/2-1/2

[Event "La Pobla de Lillet op-B 30th"]
[Site "La Pobla de Lillet"]
[Date "2021.08.05"]
[Round "4"]
[White "Ponsa Alcubierre, Marina"]
[Black "Aballanet Beltran, Eloi"]
[Result "1/2-1/2"]
[WhiteElo "1569"]
[BlackElo "1511"]
[PlyCount "119"]
[EventDate "2021.08.02"]
[EventType "swiss"]
[EventRounds "9"]
[EventCountry "ESP"]
[SourceTitle "EXT 2022"]
[Source "ChessBase"]
[SourceDate "2021.10.06"]
[SourceVersion "1"]
[SourceVersionDate "2021.10.06"]
[SourceQuality "1"]

1. e4 c5 2. Nf3 d6 3. d4 cxd4 4. Nxd4 Nf6 5. Nc3 a6 6. f3 e5 7. Nb3 Be6 8. Be3 Nc6 9. Qd2 b5 10. 0-0-0 Be7 11. g4 0-0 12. h4 b4 13. Nd5 Bxd5 14. exd5 Na5 15. h5 Nxb3+ 16. cxb3 a5 17. g5 Nd7 18. g6 Qc7+ 19. Kb1 a4 20. h6 fxg6 21. hxg7 Rf7 22. Bh3 axb3 23. Be6 Qa5 24. Bxf7+ Kxf7 25. a3 Kxg7 26. Bb6 Qxb6 27. Qh6+ Kf7 28. Qxh7+ Kf6 29. Rdg1 Nf8 30. Qh8+ Kf5 31. Qg7 bxa3 32. Qxe7 a2+ 33. Ka1 Qd8 34. Qf7+ Qf6 35. Qg8 Ra4 36. Rh8 Nd7 37. Qh7 Nc5 38. Qh3+ Kf4 39. Rh4+ Ke3 40. f4+ Kd4 41. Rd1+ Ke4 42. f5+ Qxh4 43. Qxh4+ Kxf5 44. Rf1+ Rf4 45. Rxf4+ exf4 46. Qh3+ Ke4 47. Qg2+ f3 48. Qxg6+ Kxd5 49. Qf5+ Kc4 50. Qxf3 d5 51. Qc3+ Kb5 52. Qd4 Kc6 53. Qe5 Nd3 54. Qe8+ Kc5 55. Qc8+ Kb5 56. Qb7+ Kc4 57. Qc6+ Nc5 58. Qg6 d4 59. Qg2 d3 60. Qd2 1/2-1/2

[Event "Llinars del Valles op 11th B"]
[Site "Llinars del Valles"]
[Date "2017.05.27"]
[Round "6.30"]
[White "Silion, Alexandru"]
[Black "Ponsa Alcubierre, Marina"]
[Result "0-1"]
[WhiteElo "1122"]
[BlackElo "1554"]
[PlyCount "52"]
[EventDate "2017.04.22"]
[EventType "swiss"]
[EventRounds "9"]
[EventCountry "ESP"]
[SourceTitle "EXT 2024"]
[Source "ChessBase"]
[SourceDate "2023.10.10"]
[SourceVersion "1"]
[SourceVersionDate "2023.10.10"]
[SourceQuality "1"]

1. d4 Nf6 2. Nf3 g6 3. Nc3 Bg7 4. Bg5 0-0 5. Bxf6 exf6 6. e3 d6 7. g3 c5 8. d5 Bg4 9. Bg2 Qc8 10. h3 Bd7 11. e4 b5 12. Ne2 f5 13. exf5 Bxf5 14. c3 Re8 15. g4 Be4 16. 0-0 c4 17. Ned4 Bxd5 18. Re1 Rxe1+ 19. Qxe1 Nc6 20. Nxb5 Qb7 21. Nxd6 Qxb2 22. Qc1 Qxc3 23. Qxc3 Bxc3 24. Rd1 Be6 25. Ne5 Bxe5 26. Bxc6 Rd8 0-1